[Event "Madrid ch Veteranos 2018-2019"]
[Site "Madrid ESP"]
[Date "2019.01.17"]
[Round "9.17"]
[White "Martinez Miura, Enrique"]
[Black "Calderon Martin, Antonio"]
[Result "1/2-1/2"]
[WhiteElo "1661"]
[BlackElo "1681"]
[PlyCount "47"]
[EventDate "2019.01.07"]
[EventType "swiss"]
[EventRounds "9"]
[EventCountry "ESP"]
[SourceTitle "Ajedrez en Madrid"]
[Source "lmi"]
[SourceDate "2019.01.07"]
[SourceVersion "1"]
[SourceVersionDate "2019.01.22"]
[SourceQuality "1"]

1. e4 e5 2. Nf3 Nc6 3. Bb5 Bc5 4. O-O Nge7 5. c3 Bb6 6. Re1 O-O 7. d3 d6 8. h3
a6 9. Ba4 f5 10. Bb3+ Kh8 11. Be3 Bxe3 12. Rxe3 f4 13. Re1 Ng6 14. Nbd2 Na5 15.
Bc2 Nc6 16. Bb3 Na5 17. Bc2 c5 18. Nc4 Nc6 19. a4 a5 20. Qd2 Nh4 21. Qe2 Nxf3+
22. Qxf3 Rf6 23. Kf1 b6 24. Ke2 1/2-1/2

[Event "Madrid ch Veteranos 2018-2019"]
[Site "Madrid ESP"]
[Date "2019.01.17"]
[Round "9.18"]
[White "Infante Martin, Alonso"]
[Black "Olmos Sanz, Francisco J"]
[Result "1-0"]
[WhiteElo "1348"]
[BlackElo "1574"]
[PlyCount "48"]
[EventDate "2019.01.07"]
[EventType "swiss"]
[EventRounds "9"]
[EventCountry "ESP"]
[SourceTitle "Ajedrez en Madrid"]
[Source "lmi"]
[SourceDate "2019.01.07"]
[SourceVersion "1"]
[SourceVersionDate "2019.01.22"]
[SourceQuality "1"]

1. d4 Nf6 2. c4 g6 3. f3 Bg7 4. Nc3 d6 5. e4 Nbd7 6. Be3 e5 7. d5 a6 8. a4 O-O
9. Bd3 Nh5 10. Nge2 f5 11. Qd2 f4 12. Bf2 Nc5 13. Bc2 c6 14. b4 Ne6 15. dxe6
Bxe6 16. Bb3 b5 17. a5 bxc4 18. Ba4 Qc7 19. Bb6 Qe7 20. Bxc6 Rab8 21. Bd5 Rxb6
22. Bxe6+ Kh8 23. axb6 Qh4+ 24. Kd1 Qe7 1-0

[Event "Madrid ch Veteranos 2018-2019"]
[Site "Madrid ESP"]
[Date "2019.01.17"]
[Round "9.19"]
[White "Vukotic Jovsic, Dragan"]
[Black "Villodre Miranda, Juan Alonso"]
[Result "1-0"]
[WhiteElo "1959"]
[BlackElo "1594"]
[PlyCount "53"]
[EventDate "2019.01.07"]
[EventType "swiss"]
[EventRounds "9"]
[EventCountry "ESP"]
[SourceTitle "Ajedrez en Madrid"]
[Source "lmi"]
[SourceDate "2019.01.07"]
[SourceVersion "1"]
[SourceVersionDate "2019.01.22"]
[SourceQuality "1"]

1. d4 f5 2. e4 fxe4 3. Nc3 Nf6 4. Bg5 g6 5. Bc4 Bg7 6. h4 h6 7. Bxf6 Bxf6 8.
Qg4 e6 9. Qxg6+ Ke7 10. Nxe4 Bxd4 11. O-O-O Be5 12. Bxe6 Qf8 13. Bb3 Qg7 14.
Qxg7+ Bxg7 15. Nh3 Rf8 16. Rhe1 Kd8 17. g3 d6 18. Nf4 Bf5 19. Nc5 Kc8 20. Be6+
Bxe6 21. Ncxe6 Rf7 22. Nxg7 Rxg7 23. Re8+ Kd7 24. Rde1 b6 25. Rh8 Re7 26. Rxe7+
Kxe7 27. Nd5+ 1-0

[Event "Madrid ch Veteranos 2018-2019"]
[Site "Madrid ESP"]
[Date "2019.01.17"]
[Round "9.22"]
[White "Lopez Guitian, Juan J"]
[Black "Menendez Domes, Juan"]
[Result "1-0"]
[WhiteElo "1577"]
[BlackElo "1393"]
[PlyCount "39"]
[EventDate "2019.01.07"]
[EventType "swiss"]
[EventRounds "9"]
[EventCountry "ESP"]
[SourceTitle "Ajedrez en Madrid"]
[Source "lmi"]
[SourceDate "2019.01.07"]
[SourceVersion "1"]
[SourceVersionDate "2019.01.22"]
[SourceQuality "1"]

1. e4 e5 2. Nf3 Nc6 3. Bb5 a6 4. Ba4 Nf6 5. O-O Bd6 6. Re1 b5 7. Bb3 Bb7 8. c3
h6 9. d4 O-O 10. h3 Re8 11. Bc2 exd4 12. cxd4 Bb4 13. Nc3 Na7 14. e5 Nd5 15.
Qd3 f6 16. Qh7+ Kf8 17. Bg6 Bxc3 18. bxc3 Ne7 19. Bxh6 gxh6 20. Qf7# 1-0

[Event "Madrid ch Veteranos 2018-2019"]
[Site "Madrid ESP"]
[Date "2019.01.17"]
[Round "9.23"]
[White "De Juan Rivas, Antonio"]
[Black "Abad Martin-Camuñas, Luis"]
[Result "1-0"]
[WhiteElo "1560"]
[BlackElo "1369"]
[PlyCount "37"]
[EventDate "2019.01.07"]
[EventType "swiss"]
[EventRounds "9"]
[EventCountry "ESP"]
[SourceTitle "Ajedrez en Madrid"]
[Source "lmi"]
[SourceDate "2019.01.07"]
[SourceVersion "1"]
[SourceVersionDate "2019.01.22"]
[SourceQuality "1"]

1. d4 f5 2. Bf4 Nf6 3. e3 b6 4. Nf3 Bb7 5. Nbd2 d6 6. Bc4 Bd5 7. O-O e6 8. Bd3
Be7 9. c4 Bb7 10. h3 O-O 11. Re1 Qd7 12. Qc2 c5 13. e4 fxe4 14. Nxe4 cxd4 15.
Neg5 e5 16. Bxh7+ Kh8 17. Bf5 Qe8 18. Bg3 Nh5 19. Bd7 1-0

[Event "Madrid ch Veteranos 2018-2019"]
[Site "Madrid ESP"]
[Date "2019.01.17"]
[Round "9.25"]
[White "Suarez Mencia, Roberto"]
[Black "Garcia Sanz, Eduardo"]
[Result "0-1"]
[WhiteElo "1392"]
[BlackElo "1795"]
[PlyCount "76"]
[EventDate "2019.01.07"]
[EventType "swiss"]
[EventRounds "9"]
[EventCountry "ESP"]
[SourceTitle "Ajedrez en Madrid"]
[Source "lmi"]
[SourceDate "2019.01.07"]
[SourceVersion "1"]
[SourceVersionDate "2019.01.22"]
[SourceQuality "1"]

1. c4 e6 2. g3 d5 3. cxd5 exd5 4. Bg2 Nf6 5. e3 c5 6. Ne2 Nc6 7. d4 cxd4 8.
exd4 Bb4+ 9. Nbc3 O-O 10. O-O Re8 11. Bg5 Bg4 12. f3 Be6 13. Nf4 Bxc3 14. bxc3
h6 15. Bxf6 Qxf6 16. Rb1 Na5 17. Qa4 b6 18. Rfe1 Rec8 19. Rbc1 Rc4 20. Qd1 Rac8
21. Qd2 Nc6 22. Bf1 Ra4 23. Bb5 Ra5 24. Bxc6 Rxc6 25. Kg2 b5 26. Nd3 h5 27. h4
Qf5 28. Nf4 Rca6 29. Ra1 Ra3 30. Re5 Qf6 31. Nxh5 Qd8 32. Rg5 g6 33. Rxg6+ fxg6
34. Nf4 Bf7 35. g4 Qxh4 36. Nh3 Qd8 37. Qh6 g5 38. Nxg5 Rxh6 0-1

[Event "Madrid ch Veteranos 2018-2019"]
[Site "Madrid ESP"]
[Date "2019.01.17"]
[Round "9.26"]
[White "Navarro Corredor, Angel"]
[Black "Martin Rodriguez, Jose Luis"]
[Result "1-0"]
[WhiteElo "1343"]
[BlackElo "1285"]
[PlyCount "99"]
[EventDate "2019.01.07"]
[EventType "swiss"]
[EventRounds "9"]
[EventCountry "ESP"]
[SourceTitle "Ajedrez en Madrid"]
[Source "lmi"]
[SourceDate "2019.01.07"]
[SourceVersion "1"]
[SourceVersionDate "2019.01.22"]
[SourceQuality "1"]

1. Nf3 Nf6 2. c4 Nc6 3. g3 d5 4. cxd5 Nxd5 5. Bg2 e5 6. d3 h6 7. Bd2 Bd6 8. O-O
Nf6 9. Nc3 O-O 10. a3 Be6 11. b4 Rb8 12. Nb5 Be7 13. Rc1 Bd7 14. Nc3 Qc8 15.
Na4 Bh3 16. Nc5 Bxg2 17. Kxg2 Nd7 18. Be3 Nxc5 19. Bxc5 Bxc5 20. Rxc5 Re8 21.
Qa1 f6 22. Rfc1 a6 23. Qa2+ Qe6 24. Qxe6+ Rxe6 25. Nh4 Kf7 26. Nf5 Rd8 27. Ne3
Rd7 28. Nd5 Red6 29. Ne3 Ke7 30. Nf5+ Kd8 31. Nxd6 Rxd6 32. R5c4 h5 33. h4 Kd7
34. a4 Rd4 35. b5 axb5 36. axb5 Na5 37. Rxc7+ Ke6 38. Rxg7 Kf5 39. Ra1 Nb3 40.
Rb1 Nc5 41. b6 Rd6 42. Rh7 Kg6 43. Rc7 Kf5 44. Rb5 Rxb6 45. Rxb6 Kg4 46. f3+
Kf5 47. Rxc5 Kg6 48. e4 Kf7 49. Rxb7+ Ke6 50. Rc6# 1-0

[Event "Madrid ch Veteranos 2018-2019"]
[Site "Madrid ESP"]
[Date "2019.01.17"]
[Round "9.27"]
[White "Perales Hernandez, Manuel"]
[Black "Perez Ramos, Miguel Angel"]
[Result "0-1"]
[WhiteElo "1333"]
[BlackElo "1131"]
[PlyCount "64"]
[EventDate "2019.01.07"]
[EventType "swiss"]
[EventRounds "9"]
[EventCountry "ESP"]
[SourceTitle "Ajedrez en Madrid"]
[Source "lmi"]
[SourceDate "2019.01.07"]
[SourceVersion "1"]
[SourceVersionDate "2019.01.22"]
[SourceQuality "1"]

1. e4 d6 2. d4 Nf6 3. Nc3 Nc6 4. d5 Ne5 5. h3 g6 6. f4 Ned7 7. Be3 Bg7 8. Bd4
c5 9. dxc6 bxc6 10. Qf3 e5 11. Be3 Bb7 12. O-O-O Qc7 13. f5 a5 14. Na4 d5 15.
Bd3 d4 16. Bg5 c5 17. c3 Bc6 18. b3 Rb8 19. g4 Bxa4 20. bxa4 O-O 21. Bd2 Nb6
22. cxd4 cxd4+ 23. Bc2 Nxa4 24. Qa3 Nc3 25. Bxc3 dxc3 26. Nf3 Rfc8 27. g5 Nh5
28. f6 Bf8 29. Qa4 Rb4 30. Qd7 Nf4 31. Rhe1 Rb7 32. Nxe5 Ba3# 0-1

[Event "Madrid ch Veteranos 2018-2019"]
[Site "Madrid ESP"]
[Date "2019.01.17"]
[Round "9.28"]
[White "Sierra Garcia, Ricardo"]
[Black "Garcia Lafuente, Luis"]
[Result "1-0"]
[WhiteElo "1394"]
[BlackElo "1556"]
[PlyCount "105"]
[EventDate "2019.01.07"]
[EventType "swiss"]
[EventRounds "9"]
[EventCountry "ESP"]
[SourceTitle "Ajedrez en Madrid"]
[Source "lmi"]
[SourceDate "2019.01.07"]
[SourceVersion "1"]
[SourceVersionDate "2019.01.22"]
[SourceQuality "1"]

1. e4 d5 2. exd5 Qxd5 3. Nc3 Qa5 4. d4 c6 5. Nf3 Nf6 6. Bd3 Bg4 7. O-O e6 8. h3
Bh5 9. Bf4 Be7 10. Re1 Nbd7 11. g4 Nxg4 12. hxg4 Bxg4 13. Be2 Qf5 14. Bg3 h5
15. Nh4 Bxh4 16. Bxh4 Qg6 17. Bxg4 hxg4 18. Bg3 Qh5 19. Kf1 O-O-O 20. Ke2 e5
21. Rh1 Qf5 22. Qd3 e4 23. Qxe4 Rhe8 24. Be5 Qe6 25. f4 gxf3+ 26. Kxf3 Nxe5+
27. dxe5 Qd7 28. Rad1 Qc7 29. Rxd8+ Kxd8 30. Rd1+ Kc8 31. Qf5+ Re6 32. Rd6 Qe7
33. Ne4 Kc7 34. Rxe6 Qxe6 35. Nd6 b5 36. Qxf7+ Qxf7+ 37. Nxf7 c5 38. Ng5 Kd7
39. Ne4 Kc6 40. Nd6 b4 41. Nc4 Kd5 42. b3 a5 43. Ke3 a4 44. Nb6+ Kxe5 45. Nxa4
Kd5 46. Nb6+ Kc6 47. Nc4 Kd5 48. Kd3 g5 49. Ne3+ Ke5 50. Kc4 Kd6 51. Ng4 Kc6
52. Ne5+ Kd6 53. Nf7+ 1-0